000 00313nam a22001337a 4500
008 170904b xxu||||| |||| 00| 0 eng d
020 _a9780312474126
041 _aeng
080 _29TH
_a070
100 _a40
101 _aMED
245 _aWORKBOOK FOR NEW REPORTING AND WRITING
_cBROOKS,B.S
942 _2udc
_cBK
999 _c25923
_d25923